Statistics for Centrall of the world

Click here to take the quiz!

General Stats

  • This quiz has been taken 3 times
  • The average score is 10 of 10

Answer Stats

HintAnswer% Correct
92%benin
100%
94%cameroon
100%
90%equatorial guinea
100%
95%gabon
100%
96%ghana
100%
97%ivory coast
100%
98%nigeria
100%
91%republic of the congo
100%
89%sao tome and principe
100%
93%togo
100%

Score Distribution

Percentile by Number Answered

Percent of People with Each Score

Your Score History

You have not taken this quiz